000 00658nam a2200241Ia 4500
003 OSt
005 20220912151018.0
006 a|||||r|||| 00| 0
007 ta
008 220909b |||||||| |||| 00| 0 eng d
024 _a26712
037 _cTextual
040 _aCSL
_beng
_cCSL
041 _aeng
082 _aY7-2:(G:6), L8
100 _aLeibowitz Lila
245 0 _aFemale, Malfes, families: A biosocial approach
260 _aMassachusetts
_bDuxbury Press
_c1978
300 _ax,227p.
_ccm.
650 _aFamily sex difference evolution
942 _hY7-2:(G:6), L8
_cTEXL
_2CC
999 _c59316
_d59316